Простой и универсальный тренажер для работы с гидравлическим инструментом; Экология и безопасность в техносфере: современные проблемы и пути решения

Podrobná bibliografie
Parent link:Экология и безопасность в техносфере: современные проблемы и пути решения.— 2013.— [С. 397-400]
Hlavní autor: Киприянов Е. Ю.
Shrnutí:Заглавие с экрана
Jazyk:ruština
Vydáno: 2013
Edice:Современные технологии ликвидации ЧС и техническое обеспечение аварийно-спасательных работ
Témata:
On-line přístup:http://www.lib.tpu.ru/fulltext/c/2013/C52/127.pdf
Médium: MixedMaterials Elektronický zdroj Kapitola
KOHA link:https://koha.lib.tpu.ru/cgi-bin/koha/opac-detail.pl?biblionumber=605124

MARC

LEADER 00000naa2a2200000 4500
001 605124
005 20260224125932.0
035 |a (RuTPU)RU\TPU\conf\2409 
035 |a RU\TPU\conf\2406 
090 |a 605124 
100 |a 20140403d2013 k y0rusy50 ca 
101 0 |a rus 
102 |a RU 
135 |a drcn ---uucaa 
181 0 |a i  
182 0 |a b 
200 1 |a Простой и универсальный тренажер для работы с гидравлическим инструментом  |f Е. Ю. Киприянов 
203 |a Текст  |c электронный 
215 |a 1 файл(337 Кб) 
225 1 |a Современные технологии ликвидации ЧС и техническое обеспечение аварийно-спасательных работ 
300 |a Заглавие с экрана 
320 |a [Библиогр.: с. 400 (2 назв.)] 
337 |a Adobe Reader 
463 1 |0 (RuTPU)RU\TPU\conf\1010  |t Экология и безопасность в техносфере: современные проблемы и пути решения  |o сборник трудов Всероссийской научно-практической конференции, г. Томск, 27-28 ноября 2013 г.  |f Национальный исследовательский Томский политехнический университет (ТПУ), Юргинский технологический институт (ЮТИ) ; под ред. В. М. Гришагина и др.  |v [С. 397-400]  |d 2013 
610 1 |a электронный ресурс 
610 1 |a труды учёных ТПУ 
610 1 |a универсальные функции 
610 1 |a тренажеры 
610 1 |a гидравлический режим 
610 1 |a инструмент 
700 1 |a Киприянов  |b Е. Ю. 
801 1 |a RU  |b 63413507  |c 20101016 
801 2 |a RU  |b 63413507  |c 20140403  |g RCR 
856 4 |u http://www.lib.tpu.ru/fulltext/c/2013/C52/127.pdf 
942 |c CF